<?xml version="1.0" encoding="UTF-8"?>
<marc:record xmlns:marc="http://www.loc.gov/MARC21/slim">
   <marc:leader>00000nam a2200000 a 4500</marc:leader>
   <marc:datafield ind1="1" ind2=" " tag="100">
      <marc:subfield code="a">Riva, Paolo</marc:subfield>
      <marc:subfield code="4">aut</marc:subfield>
      <marc:subfield code="e">Verfasser/-in</marc:subfield>
   </marc:datafield>
   <marc:datafield ind1="0" ind2="0" tag="245">
      <marc:subfield code="a">Flüssiges Gold</marc:subfield>
   </marc:datafield>
   <marc:datafield ind1="0" ind2="0" tag="245">
      <marc:subfield code="c">Paolo Riva</marc:subfield>
   </marc:datafield>
   <marc:datafield ind1=" " ind2="1" tag="264">
      <marc:subfield code="a">Hamburg</marc:subfield>
      <marc:subfield code="b">Hoffmann und Campe</marc:subfield>
      <marc:subfield code="c">2022</marc:subfield>
   </marc:datafield>
   <marc:datafield ind1="1" ind2=" " tag="490">
      <marc:subfield code="a">Commissario Luca</marc:subfield>
      <marc:subfield code="v">1</marc:subfield>
   </marc:datafield>
   <marc:datafield ind1="1" ind2=" " tag="520">
      <marc:subfield code="a">Commissario Luca führt ein beschauliches Leben in einem kleinen Dorf in der Toskana, umgeben von wunderschönen Olivenhainen und drei anhänglichen Eseln. Doch dann wird eine Olivenbäuerin erschossen aufgefunden. Wer hätte sie ermorden sollen und aus welchem Motiv? Um diesen Fall aufzuklären wird dem Commissario eine Ermittlerin aus Florenz an die Seite gestellt. Neben ihren detektivischen Fähigkeiten ist sie auch wunderschön  ein Umstand, der den Commissario nicht ganz kalt lässt. Gemeinsam begeben sie sich auf die Suche nach dem Mörder.</marc:subfield>
   </marc:datafield>
   <marc:datafield ind1=" " ind2=" " tag="020">
      <marc:subfield code="a">9783455985535</marc:subfield>
      <marc:subfield code="9">9783455985535</marc:subfield>
   </marc:datafield>
   <marc:datafield ind1=" " ind2=" " tag="300">
      <marc:subfield code="a">302</marc:subfield>
   </marc:datafield>
</marc:record>
